00327nam a2200121Ia 4500008004100000041000800041082001600049100001600065245004500081260003800126300003200164365000900196240624s9999 xx 000 0 und d aeng a658.816 SMI aSMITH TIM J aPRICING STRATEGY SETTING PRICE LEVELS MA c2012aAustraliabCengage Learning axxii, : 318 : p. : cm. ; 25 cb25